Everyday life : (Record no. 124993)

MARC details
000 -LEADER
fixed length control field 00740cam a2200205 a 4500
001 - CONTROL NUMBER
control field vtls003212354
003 - CONTROL NUMBER IDENTIFIER
control field MY-SjTCS
005 - DATE AND TIME OF LATEST TRANSACTION
control field 20200226113957.0
008 - FIXED-LENGTH DATA ELEMENTS--GENERAL INFORMATION
fixed length control field 110218s2010 nju b s001 0 eng
020 ## - INTERNATIONAL STANDARD BOOK NUMBER
International Standard Book Number 9780202363592 (pbk.)
039 #9 - LEVEL OF BIBLIOGRAPHIC CONTROL AND CODING DETAIL [OBSOLETE]
Level of rules in bibliographic description 201102221215
Level of effort used to assign nonsubject heading access points wilmina
Level of effort used to assign subject headings 201102191107
Level of effort used to assign classification malathy
Level of effort used to assign subject headings 201102181703
Level of effort used to assign classification VLOAD
-- 201011151140
-- malathy
082 00 - DEWEY DECIMAL CLASSIFICATION NUMBER
Classification number 301
Item number EVE 2010
245 00 - TITLE STATEMENT
Title Everyday life :
Remainder of title reconstruction of social knowledge /
Statement of responsibility, etc. Jack D. Douglas, editor.
260 ## - PUBLICATION, DISTRIBUTION, ETC.
Place of publication, distribution, etc. New Brunswick, N.J. :
Name of publisher, distributor, etc. AldineTransaction,
Date of publication, distribution, etc. c2010.
300 ## - PHYSICAL DESCRIPTION
Extent xii, 358 p. ;
Dimensions 23 cm.
504 ## - BIBLIOGRAPHY, ETC. NOTE
Bibliography, etc. note Includes bibliographical references and index.
650 #0 - SUBJECT ADDED ENTRY--TOPICAL TERM
Topical term or geographic name entry element Knowledge, sociology of.
9 (RLIN) 20004
700 1# - ADDED ENTRY--PERSONAL NAME
Personal name Douglas, Jack D.
9 (RLIN) 48385
920 ## - Programme
Programme GENLS : 154550
Holdings
Withdrawn status Lost status Source of classification or shelving scheme Damaged status Not for loan Collection code Home library Current library Date acquired Cost, normal purchase price Total Checkouts Barcode Date last seen Copy number Cost, replacement price Koha item type Public note
Withdrawn   Dewey Decimal Classification     Please fill up online form at https://taylorslibrary.taylors.edu.my/services/external_storage1 Taylor's Library-TU TU External Storage-LCS 06/01/2011 152.00   5000111312 05/12/2019 1 152.00 Main Collection GENLS,GENLS,03,GR